000 00604nam a22001937a 4500
005 20130607122333.0
010 _aENG-107328
020 _a9789380902906
_c595.00
035 _aEN-90861
037 _bDBAD/PUB
082 _a650.13
100 _aRao, M.S.
245 _aSoft skills for students :
_cby M.S.Rao
_bclassroom to corporate /
260 _aJaipur
_bAadi Publications
_c2012
270 _a18, Jain Bhawan, Opp.N.B.C.Shanti Nagar
_bJaipur
_e302006
300 _axx,147p.
_c23cm(Hb)
500 _aIncludes bibliographical references and index
942 _2ddc
_cEN
_mRAO
_h650.13
999 _c76030
_d76030